Most Populous Cities Not in the Northeast Hemisphere - Statistics

General Stats
  • This quiz has been taken 2,572 times
  • The average score is 15 of 20
Answer Stats
Population World City % Correct
13.1 mil Rio de Janeiro
89%
22.2 mil São Paulo
89%
22.4 mil New York City
86%
16.3 mil Buenos Aires
85%
22.8 mil Mexico City
85%
17.8 mil Los Angeles
83%
9.90 mil Lima
81%
30.6 mil Jakarta
79%
13.7 mil Johannesburg
79%
9.80 mil Bogota
77%
7.20 mil Santiago
77%
9.75 mil Chicago
76%
14.7 mil London
74%
12.0 mil Kinshasa
69%
7.35 mil Toronto
66%
7.85 mil San Francisco
59%
8.55 mil Washington, DC
58%
7.65 mil Boston
54%
7.90 mil Luanda
54%
7.35 mil Philadelphia
47%
No matching quizzes found
Score Distribution
Percent of People with Each Score
Percentile by Number Answered
Your Score History
You have not taken this quiz